Vybrané otázky založenia a rozvoja malých pivovarov v Čechách a na Slovensku

Historický vývoj a súčasný stav malých pivovarov v Čechách a na Slovensku. Legislatíva. Klasifikácia malých pivovarov, ich výhody a nevýhody. Postup pri založení malého pivovaru, finančné náklady.

Salvato in:
Dettagli Bibliografici
Autore principale: Strižencová, Michaela
Natura: Capitolo di libro
Lingua:slovacco
Soggetti:
Tags: Aggiungi Tag
Nessun Tag, puoi essere il primo ad aggiungerne!!

MARC

LEADER 00000nla a2200000 4500
001 0180421
005 20240502073055.6
041 0 |a slo 
044 |a SK 
245 1 0 |a Vybrané otázky založenia a rozvoja malých pivovarov v Čechách a na Slovensku  |c Michaela Strižencová 
520 |a Historický vývoj a súčasný stav malých pivovarov v Čechách a na Slovensku. Legislatíva. Klasifikácia malých pivovarov, ich výhody a nevýhody. Postup pri založení malého pivovaru, finančné náklady. 
610 2 0 |a pivovarníctvo 
610 2 0 |a pivovary 
610 2 0 |a podnik malý 
610 2 0 |a Česko 
610 2 0 |a Slovensko 
100 1 |a Strižencová, Michaela